| 000 | 01025nam a2200253Ia 4500 | ||
|---|---|---|---|
| 008 | 130821s2000 ck a gr spa | ||
| 020 | _a958045826X | ||
| 040 |
_aCo-BoUCM _bspa |
||
| 041 | 0 | 0 | _aspa |
| 100 | 1 | 0 |
_aMarkides, Constantinos C. _9161238 |
| 245 | 1 | 3 |
_aEn la estrategia está el éxito guía para formular estrategias revolucionarias _cConstantinos C. Markides ; traducción de Jorge Cárdenas Nannetti |
| 260 |
_aBogotá (Colombia) _bHarvard Business Shool Press Norma _c2000 |
||
| 300 |
_a255 páginas _bilustraciones, cuadros, gráficas |
||
| 500 | _aEjemplar 2 Donación Dr. Guillermo Galán. | ||
| 504 | _aIncluye bibliografía. | ||
| 650 | 0 | 4 |
_aAdministración de empresas _9435 |
| 650 | 0 | 4 |
_aCambio organizacional _97360 |
| 650 | 0 | 4 |
_aÉxito en los negocios _915417 |
| 650 | 0 | 4 |
_aPlanificación estratégica _921662 |
| 700 | 1 |
_aCárdenas Nannetti, Jorge _d1906- _990606 |
|
| 765 | _tAll the right moves | ||
| 942 |
_cLIBRO _a16 _e1 _mM345e _2DEWEY _h658.4012 |
||
| 999 |
_c42383 _d42383 |
||